000 01941cam a2200373 a 4500
001 112976
005 20230410130516.0
008 100916s2010 inu b 001 0 eng
035 _a16462658
925 0 _aacquire
_b2 shelf copies
_xpolicy default
_eclaim1 2011-02-14
942 _2lcc
_cbk
010 _a 2010037737
020 _a9780268020323 (pbk. : alk. paper)
020 _a0268020329 (pbk. : alk. paper)
035 _a(OCoLC)ocn664555776
041 _aeng
043 _aaw-----
_aff-----
_ae-sp---
050 1 4 _aPJ 7553
_bA398a 2010
082 0 0 _a892.7/13409
100 1 _aAli, Samer M.
245 1 0 _aArabic literary salons in the Islamic Middle Ages :
_bpoetry, public performance, and the presentation of the past /
_cSamer M. Ali.
260 _aNotre Dame, Ind. :
_bUniversity of Notre Dame Press,
_cc2010.
300 _axi, 294 p. ;
_c23 cm.
490 1 _aPoetics of orality and literacy
500 _aOriginally presented as the author's thesis (doctoral)--Indiana University.
504 _aIncludes bibliographical references and index.
505 0 _aIntroduction -- Literary salons : outlines of a topic. Literary salons : from ancient symposion to Arabic mujåalasat -- Adab principles of artistic speech in assembly -- Poetry performance and the reinterpreting of tradition -- The mujåalasat as forum for reception. The poetics of sin and redemption : performing value and canonicity -- Al-Buòhturåi's åiwåan kisråa ode: canonic value and folk literacy in the mujåalasat -- Singing Samarra (861-956) : poetry, reception, and the reproduction of literary value in historical narrative -- Conclusion.
650 0 _aArabic poetry
_y750-1258
_xHistory and criticism.
650 0 _aSalons
_zIslamic Empire.
650 0 _aOral tradition
_zIslamic Empire.
651 0 _aIslamic Empire
_xIntellectual life.
650 4 _aPoesía árabe
_xHistoria y crítica.
830 0 _aPoetics of orality and literacy.
999 _c75359
_d75359